|
|
|
|
| LEADER |
03666nam a2200517 a 4500 |
| 001 |
mzk03001191782 |
| 003 |
CZ BrMZK |
| 005 |
20150206091833.0 |
| 007 |
ta |
| 008 |
130807s1660 gw fi f |||| 0 lat d |
| 040 |
|
|
|a BOA001
|b cze
|
| 072 |
|
7 |
|a 5
|x Přírodní vědy. Matematické vědy
|2 Konspekt
|9 6
|
| 072 |
|
7 |
|a 094
|x Staré tisky
|2 Konspekt
|9 12
|
| 080 |
|
|
|a 5
|2 MRF
|
| 080 |
|
|
|a 52
|2 MRF
|
| 080 |
|
|
|a (0.068)094
|2 MRF
|
| 100 |
1 |
|
|a Kircher, Athanasius,
|d 1602-1680
|7 nlk20000083457
|4 aut
|
| 245 |
1 |
0 |
|a R.P. ATHANASII KIRCHERI E SOCIETATE JESU ITER EXTATICUM COELESTE, Quo Mundi opificium, id est, Coelestis Expansi, siderumq; tam errantium, quam fixorum natura, vires, proprietates, singulorumq; compositio & structura, ab infimo Telluris globo, usq; ad ultima Mundi confinia, per ficti raptus integumentum explorata, nova hypothesis exponitur ad veritatem, INTERLOCVTORIBVS COSMIELE ET THEODIDACTO: Hac secunda editione Praelusionibus & Scholiis illustratum; ac schematismis necessariis, qui deerant, exornatum; nec non a mendis, quae in primam Romanam editionem irrespectant, expurgatum, IPSO AUCTORE ANNUENTE, A P. GASPARE SCHOTTO REGISCURIANO E SOCIETATE JESU, Olim in Panormitano Siciliae, nunc in Herbipolitano Franconiae Gymnasio ejusdem SOCIETATIS JESU Matheseos Professore. Accessit ejusdem Auctoris ITER EXTATICUM TERRESTRE, & SYNOPSIS MUNDI SUBTERRANEI.
|
| 246 |
3 |
3 |
|a ITER EXTATICUM COELESTE
|
| 260 |
|
|
|a Herbipoli :
|b Sumptibus Joh. Andr. & Wolffg. Jun. Endterorum haeredibus,
|a [Norimberg] :
|b Prostant Norimbergae apud eosdem,
|c 1660
|
| 300 |
|
|
|a [22], 689, [18] s., XII, [1] příl. ;
|c 4°
|
| 500 |
|
|
|a Výzdoba: Mědirytový předtitul (F. Sc.), celostránkový erb fuldského opata Joachima (Fleischb: Sc:), vlysy, iniciály, viněty, mědirytové přílohy, v textu tabulky, vnitřní titulní list
|
| 561 |
|
|
|a Provenience: [m.p.] Monasterii Rayhradensis SS. Petri et Pauli
|
| 563 |
|
|
|a Dřevěné desky potažené vepřovicí s rámcovým slepotiskem, dvě kovové spony, na deskách supralibros (na přední proboštské a na zadní desce konventní z doby Coelestina Arleta), modrá ořízka, dole na hřbetě signatura E
|
| 650 |
|
7 |
|a přírodní vědy
|7 ph115999
|2 czenas
|
| 650 |
|
7 |
|a astronomie
|7 ph114088
|2 czenas
|
| 655 |
|
7 |
|a staré tisky
|7 fd422076
|2 czenas
|
| 700 |
1 |
|
|a Schott, Kaspar,
|d 1608-1666
|7 ola2003197968
|4 aut
|
| 740 |
0 |
2 |
|a ATHANASII KIRCHERI E SOC. JESU ITER EXTATICUM II, Qui & Mundi Subterranei PRODROMUS dicitur; QUO GEOCOSMI OPIFICIUM, SIVE Terrestris Globi Structura, una cum abditis in ea constitutis arcanioris Naturae Reconditoriis, per ficti raptus integumentum exponitur ad veritatem. In III. Dialogos distinctum, & hac secunda editione a mendis, quae in primam Romanam irrepserant, expurgatum. Accessit in fine SYNOPSIS Mundi Subterranei ejusdem Auctoris
|
| 856 |
4 |
1 |
|u https://imageserver.mzk.cz/mzk03/001/191/782/328100203368.patitul.jp2
|y Patitul
|
| 856 |
4 |
1 |
|u https://imageserver.mzk.cz/mzk03/001/191/782/328100203368.titul.jp2
|y Titulní list
|
| 903 |
|
|
|a RP
|
| 910 |
|
|
|e BOE950
|c R - M. II. b. 26
|
| 978 |
|
|
|b Endter, Johann Andreas - dědicové
|a Nürnberg
|c 1660
|
| 978 |
|
|
|b Endter, Johann Andreas - dědicové
|a Würzburg
|c 1660
|
| 978 |
|
|
|b Endter, Wolfgang d.J.
|a Nürnberg
|c 1660
|
| 978 |
|
|
|b Endter, Wolfgang d.J.
|a Würzburg
|c 1660
|
| 981 |
1 |
|
|a Arlet, Celestin,
|c OSB,
|d 1638-1683
|7 mzk2012713876
|
| 982 |
0 |
|
|a Rajhrad - benediktinský klášter
|
| 984 |
|
|
|a Norimberk
|b Německo
|
| 984 |
|
|
|a Würzburg
|b Německo
|
| 985 |
|
|
|a 1651-1700
|
| 990 |
|
|
|a BK
|
| 996 |
|
|
|e BOE950
|c R - M. II. b. 26
|
| 980 |
|
|
|c 203368
|g R - M. II. b. 26
|1 328100203368
|p N. 8570
|
| 991 |
|
|
|k rajhrad
|